La evidencia de las imágenes.

Αποθηκεύτηκε σε:
Λεπτομέρειες βιβλιογραφικής εγγραφής
Κύριος συγγραφέας: Gombrich, Ernst Hans (autor)
Μορφή: Βιβλίο
Έκδοση: Barcelona, España: Sans Soleil Ediciones, 2016.
Έκδοση:2ª edición.
Σειρά:Chiribitas ;
Θέματα:
Ετικέτες: Προσθήκη ετικέτας
Δεν υπάρχουν, Καταχωρήστε ετικέτα πρώτοι!

MARC

LEADER 00000nam a22000007a 4500
003 CL-VaPUC
005 20250127104934.0
008 240513t2016 ||||| |||| 00| 0 eng d
999 |c 443741  |d 443739 
020 |a 978-84946119-0-2 
040 |c Pontificia Universidad Católica de Valparaíso 
082 0 4 |a 701.15 GOM 2016  |2 21 
100 |a Gombrich, Ernst Hans  |e autor  |9 598146 
245 1 3 |a La evidencia de las imágenes. 
250 |a 2ª edición. 
260 |a Barcelona, España:  |b Sans Soleil Ediciones,  |c 2016. 
300 |a 131 páginas.  
490 0 |a Chiribitas ;   |n 8. 
583 |a last modification  |c 20150319 12:57:00  |k GC 
650 0 |a Psicología del arte  |9 265264 
650 0 |a Simbolismo  |9 267046 
650 0 |a Teoría del arte  |9 387638 
650 0 |a Percepción visual  |9 267039 
942 |c BK  |2 ddc  |n 0 
952 |0 0  |1 0  |2 ddc  |4 0  |6 701_150000000000000_GOM_2016  |7 0  |8 A  |9 594601  |a BIBART  |b BIBART  |d 2024-05-13  |e 45  |g 21400.00  |i 5661380  |o 701.15 GOM 2016  |p 5661380  |r 2025-03-13  |t 1  |v 21400.00  |w 2024-05-13  |y BK  |k ART